|
|
|
|
| LEADER |
02626ncm a2200661 i 4500 |
| 001 |
nkc20243585615 |
| 003 |
CZ PrNK |
| 005 |
20240923091855.0 |
| 007 |
qu |
| 008 |
240209s2023 xr sgl g nn slo |
| 015 |
|
|
|a cnb003585615
|
| 020 |
|
|
|a 978-80-7639-129-1
|q (vázáno)
|
| 040 |
|
|
|a ABA001
|b cze
|e rda
|
| 043 |
|
|
|a e-xo---
|
| 048 |
|
|
|a vn01
|a kz01
|
| 072 |
|
7 |
|a 784
|x Vokální hudba
|2 Konspekt
|9 9
|
| 072 |
|
7 |
|a 0/9-053.2
|x Literatura pro děti a mládež (naučná)
|2 Konspekt
|9 26
|
| 080 |
|
|
|a 784
|2 MRF
|
| 080 |
|
|
|a 784.4(=162.4)
|2 MRF
|
| 080 |
|
|
|a 784.67-053.2
|2 MRF
|
| 080 |
|
|
|a 78.089.6
|2 MRF
|
| 080 |
|
|
|a (0.025.2)
|2 MRF
|
| 080 |
|
|
|a 821-93
|2 MRF
|
| 245 |
0 |
0 |
|a Slovenské ľudové spievanky /
|c ilustrácie Adolf Dudek
|
| 264 |
|
1 |
|a Ostrava :
|b Bookmedia s.r.o.,
|c 2023
|
| 300 |
|
|
|a 1 zpěvník (24 nečíslovaných stran) ;
|c 24 cm
|
| 336 |
|
|
|a zápis hudby
|b ntm
|2 rdacontent
|
| 336 |
|
|
|a statický obraz
|b sti
|2 rdacontent
|
| 337 |
|
|
|a bez média
|b n
|2 rdamedia
|
| 338 |
|
|
|a svazek
|b nc
|2 rdacarrier
|
| 382 |
0 |
1 |
|a zpěv
|n 1
|a elektrický klávesový nástroj
|n 1
|
| 500 |
|
|
|a Název z obálky
|
| 500 |
|
|
|a Součástí hudebniny je elektronické piano
|
| 500 |
|
|
|a Tištěno napříč
|
| 500 |
|
|
|a Kartonové listy
|
| 505 |
0 |
0 |
|t Na zelenej lúke sedí zajac --
|t Keď som ja slúžil --
|t Krásna, krásna, kde si húsky pásla --
|t Na tých panských lúkach --
|t Išla sova na tanec --
|t Jedna druhej riekla --
|t Čierne oči --
|t Čie sú to kone --
|t Čížiček, čížiček --
|t Vyletěla holubička --
|t Do hory, do lesa, Valasi --
|t Sniežik sa nám chumelí
|
| 546 |
|
|
|a Podloženo slovensky
|
| 546 |
|
|
|b Číselná notace
|
| 650 |
0 |
7 |
|a vokální hudba
|7 ph116628
|z Slovensko
|2 czenas
|
| 650 |
0 |
7 |
|a slovenské lidové písně
|7 ph125670
|2 czenas
|
| 650 |
0 |
9 |
|a vocal music
|z Czechia
|2 eczenas
|
| 650 |
0 |
9 |
|a slovak folk songs
|2 eczenas
|
| 655 |
|
7 |
|a lidové písně
|7 fd980032
|2 czenas
|
| 655 |
|
7 |
|a dětské písně
|7 fd1097491
|2 czenas
|
| 655 |
|
7 |
|a partitury pro sólový nástroj
|7 fd201979
|2 czenas
|
| 655 |
|
7 |
|a leporela
|7 fd132727
|2 czenas
|
| 655 |
|
7 |
|a publikace pro děti
|7 fd133156
|2 czenas
|
| 655 |
|
9 |
|a folk songs
|2 eczenas
|
| 655 |
|
9 |
|a children's songs
|2 eczenas
|
| 655 |
|
9 |
|a scores for solo instrument
|2 eczenas
|
| 655 |
|
9 |
|a folding picture-books
|2 eczenas
|
| 655 |
|
9 |
|a children's literature
|2 eczenas
|
| 700 |
1 |
|
|a Dudek, Adolf,
|d 1964-
|7 jn20010309777
|4 ill
|
| 910 |
2 |
|
|a BOA001
|b Mus2-1519.847
|
| 990 |
|
|
|a MU
|
| 995 |
|
|
|a 01
|
| 991 |
|
|
|b 202403
|c NOV
|
| 996 |
6 |
|
|b 2610961339
|c Mus2-1519.847
|l MZK
|r Sklad / do 1 hodiny
|n 0
|p p.v.
|w 001953917
|u 000010
|a 1
|e BOA001
|j MZK50
|s P
|